| 000 | 01119nam a22002777a 4500 | ||
|---|---|---|---|
| 003 | dpl | ||
| 005 | 20180912161217.0 | ||
| 008 | 180912b xxu||||| |||| 00| 0 eng d | ||
| 010 | _aB-004914 | ||
| 020 | _c150.00 | ||
| 035 | _aB-004914, B-004939 | ||
| 037 | _bCen Lib/Ret | ||
| 040 |
_aDPL _bHN _c0 |
||
| 082 |
_aक _bजयशं |
||
| 245 |
_aजयशंकर प्रसाद की शिक्षाप्रद कहानियां / _cसंकलन हरिवंश अनेजा |
||
| 246 |
_aJayshankar prasad ki shishaprad kahaniyan / _bsankalan Harivansh Aneja |
||
| 260 |
_aदिल्ली _bएच.के, बुक्स _c2000 |
||
| 270 |
_aशाहदरा _b दिल्ली _e110007 |
||
| 300 |
_a144पृ. _c19सेमी(सजिल्द ) |
||
| 650 |
_aहिंदी साहित्य _x _z _958362 |
||
| 650 |
_aहिंदी कहानियां _92082 |
||
| 650 |
_aHindi literature _v _958363 |
||
| 650 |
_aHindi stories _958364 |
||
| 700 |
_bअनेजा, हरिवंश _958365 |
||
| 942 |
_2ddc _cHN _hक _mजयशं |
||
| 999 |
_c114792 _d114792 |
||